Accounting for governmental and nonprofit entities / (Record no. 344953)
[ view plain ]
| 000 -LEADER | |
|---|---|
| fixed length control field | 01462 a2200289 4500 |
| 003 - CONTROL NUMBER IDENTIFIER | |
| control field | NUST |
| 020 ## - INTERNATIONAL STANDARD BOOK NUMBER | |
| International Standard Book Number | 0072373474 |
| 020 ## - INTERNATIONAL STANDARD BOOK NUMBER | |
| International Standard Book Number | 9780072373479 |
| 038 ## - RECORD CONTENT LICENSOR | |
| Staff Name | A |
| 082 04 - DEWEY DECIMAL CLASSIFICATION NUMBER | |
| Classification number | 657 |
| 100 1# - MAIN ENTRY--PERSONAL NAME | |
| Personal name | Wilson, Earl R. |
| 9 (RLIN) | 35710 |
| 245 10 - TITLE STATEMENT | |
| Title | Accounting for governmental and nonprofit entities / |
| Statement of responsibility, etc. | Earl R. Wilson. |
| 250 ## - EDITION STATEMENT | |
| Edition statement | 11th Pkg ed. |
| 260 ## - PUBLICATION, DISTRIBUTION, ETC. | |
| Place of publication, distribution, etc. | [S.l.] : |
| Name of publisher, distributor, etc. | Mcgraw-Hill College, |
| Date of publication, distribution, etc. | 1999. |
| 300 ## - PHYSICAL DESCRIPTION | |
| Extent | 880 p. ; |
| Dimensions | 25 cm. |
| 500 ## - GENERAL NOTE | |
| General note | Hardcover. |
| 520 ## - SUMMARY, ETC. | |
| Summary, etc. | "Accounting for Governmental and Nonprofit Entities,13e", by Wilson and Kattelus has been streamlined and will contain complete, accurate, and up-to-date coverage of all facets of accounting for governmental and not-for-profit organizations. Intended for readers concerned with the preparation and analysis of financial statements and auditing of governmental and non-profit entities, this text reflects all major changes to authoritative pronouncements from the GASB, FASB, FASAB, AICPA, GAO, and OMB that affect government and not-for-profit organizations. |
| 563 ## - BINDING INFORMATION | |
| Binding note | HARD COVER |
| 700 1# - ADDED ENTRY--PERSONAL NAME | |
| Personal name | Hay, Leon E. |
| 9 (RLIN) | 35711 |
| 700 1# - ADDED ENTRY--PERSONAL NAME | |
| Personal name | Kattelus, Susan C. |
| 9 (RLIN) | 35712 |
| 700 1# - ADDED ENTRY--PERSONAL NAME | |
| Personal name | Wilson, Earl. |
| 9 (RLIN) | 35713 |
| 700 1# - ADDED ENTRY--PERSONAL NAME | |
| Personal name | Hay, Leon. |
| 9 (RLIN) | 35714 |
| 700 1# - ADDED ENTRY--PERSONAL NAME | |
| Personal name | Kattelus, Susan. |
| 9 (RLIN) | 35715 |
| 856 40 - ELECTRONIC LOCATION AND ACCESS | |
| Materials specified | Amazon.com |
| Uniform Resource Identifier | <a href="http://www.amazon.com/exec/obidos/ASIN/0072373474/chopaconline-20">http://www.amazon.com/exec/obidos/ASIN/0072373474/chopaconline-20</a> |
| 856 40 - ELECTRONIC LOCATION AND ACCESS | |
| Materials specified | Amazon customer reviews |
| Uniform Resource Identifier | <a href="http://www.chopac.org/cgi-bin/tools/azrev.pl?q=0072373474">http://www.chopac.org/cgi-bin/tools/azrev.pl?q=0072373474</a> |
| 942 ## - ADDED ENTRY ELEMENTS (KOHA) | |
| Institution code [OBSOLETE] | NBS |
| Koha item type | Book |
| Call number prefix | 657.95 WIL |
| Source of classification or shelving scheme | |
| Withdrawn status | Lost status | Damaged status | Not for loan | Permanent Location | Current Location | Date acquired | Total Checkouts | Full call number | Barcode | Date last seen | Price effective from | Koha item type |
|---|---|---|---|---|---|---|---|---|---|---|---|---|
| Central Library (CL) | Central Library (CL) | 08/28/2013 | 657.95 WIL | NBS4686 | 08/28/2013 | 08/28/2013 | Book |
